[Event "BL2-West 0708"]
[Site "Germany"]
[Date "2007.12.09"]
[Round "4.8"]
[White "Diaz Diaz, Joaquin Carlos"]
[Black "Peng, Zhaoqin"]
[Result "0-1"]
[WhiteElo "2163"]
[BlackElo "2419"]
[PlyCount "82"]
[EventDate "2007.10.21"]
[EventType "team-tourn"]
[EventRounds "9"]
[EventCountry "GER"]
[SourceTitle "EXT 2009"]
[Source "ChessBase"]
[SourceDate "2008.11.26"]
[SourceVersion "1"]
[SourceVersionDate "2008.11.26"]
[SourceQuality "1"]
[WhiteTeam "Griesheim"]
[BlackTeam "Emsdetten Turm"]
[WhiteTeamCountry "GER"]
[BlackTeamCountry "GER"]

1. e4 c5 2. Nf3 e6 3. d4 cxd4 4. Nxd4 Nc6 5. Nb5 d6 6. c4 Nf6 7. N5c3 Be7 8. g3 b6 9. Bg2 Bb7 10. 0-0 a6 11. b3 Qc7 12. a3 Ne5 13. Ra2 0-0 14. h3 Rfd8 15. Be3 Rac8 16. Rd2 Bc6 17. Qe2 Qb7 18. Rd4 Ned7 19. Nd2 Nc5 20. f4 Nfd7 21. b4 e5 22. fxe5 dxe5 23. Rd5 Ne6 24. Qf2 Rf8 25. Rd3 Nd4 26. Nd5 Bd6 27. Bxd4 exd4 28. Rxd4 Rce8 29. Nf6+ Nxf6 30. Rxd6 Nxe4 31. Bxe4 Bxe4 32. Rxb6 Qc8 33. c5 h6 34. Nxe4 Rxe4 35. Qf5 Qe8 36. Rd6 a5 37. Rd8 Qxd8 38. Qxe4 axb4 39. axb4 Qd7 40. g4 Re8 41. c6 Qa7+ 0-1

[Event "Capablanca Memorial op 42nd"]
[Site "Havana"]
[Date "2007.05.26"]
[Round "8"]
[White "Diaz Diaz, Joaquin Carlos"]
[Black "Perez Rodriguez, Jennifer"]
[Result "1-0"]
[WhiteElo "2323"]
[BlackElo "2194"]
[PlyCount "49"]
[EventDate "2007.05.18"]
[EventType "swiss"]
[EventRounds "10"]
[EventCountry "CUB"]
[SourceTitle "CBM 118 Extra"]
[Source "ChessBase"]
[SourceDate "2007.07.04"]
[SourceVersion "1"]
[SourceVersionDate "2007.07.04"]
[SourceQuality "1"]

1. e4 e5 2. Nf3 Nc6 3. Bb5 a6 4. Ba4 Nf6 5. Qe2 b5 6. Bb3 Bc5 7. c3 0-0 8. d3 h6 9. Be3 Bxe3 10. fxe3 d5 11. exd5 Nxd5 12. 0-0 Be6 13. Nbd2 Qe7 14. Rac1 Rad8 15. c4 bxc4 16. Nxc4 Ndb4 17. Ne1 Qg5 18. Nd2 Bxb3 19. Nxb3 Qg6 20. a3 Nxd3 21. Nxd3 Qxd3 22. Qxd3 Rxd3 23. Nc5 Rxe3 24. Kf2 Rb8 25. Kxe3 1-0

[Event "Capablanca Memorial op 42nd"]
[Site "Havana"]
[Date "2007.05.24"]
[Round "6"]
[White "Diaz Diaz, Joaquin Carlos"]
[Black "Rasmussen, Karsten"]
[Result "0-1"]
[WhiteElo "2323"]
[BlackElo "2462"]
[PlyCount "96"]
[EventDate "2007.05.18"]
[EventType "swiss"]
[EventRounds "10"]
[EventCountry "CUB"]
[SourceTitle "CBM 118 Extra"]
[Source "ChessBase"]
[SourceDate "2007.07.04"]
[SourceVersion "1"]
[SourceVersionDate "2007.07.04"]
[SourceQuality "1"]

1. e4 c6 2. d4 d5 3. Nc3 dxe4 4. Nxe4 Bf5 5. Ng3 Bg6 6. h4 h6 7. Nf3 Nd7 8. h5 Bh7 9. Bd3 Bxd3 10. Qxd3 e6 11. Bf4 Qa5+ 12. Bd2 Bb4 13. c3 Be7 14. c4 Qc7 15. 0-0-0 Ngf6 16. Qe2 0-0 17. Ne5 c5 18. Nxd7 Qxd7 19. Bc3 cxd4 20. Bxd4 Qc6 21. Kb1 Rfd8 22. f3 Rac8 23. b3 a6 24. Ne4 Nxe4 25. Qxe4 Qxe4+ 26. fxe4 Kf8 27. Bb6 Rxd1+ 28. Rxd1 Bc5 29. Rd8+ Rxd8 30. Bxd8 g6 31. g4 f5 32. exf5 exf5 33. gxf5 gxh5 34. Kc2 Ke8 35. Bh4 Be7 36. f6 Ba3 37. Kd3 Kf7 38. Ke4 Ke6 39. Bf2 Kxf6 40. Be3 h4 41. Bxh6 Bd6 42. Be3 h3 43. Kf3 h2 44. Kg2 Kf5 45. Bb6 Ke6 46. c5 Be5 47. a4 Bc3 48. Kxh2 Kd5 0-1

[Event "Capablanca Memorial op 42nd"]
[Site "Havana"]
[Date "2007.05.22"]
[Round "5"]
[White "Gomez Garrido, Camilo Ernesto"]
[Black "Diaz Diaz, Joaquin Carlos"]
[Result "1-0"]
[WhiteElo "2413"]
[BlackElo "2323"]
[PlyCount "119"]
[EventDate "2007.05.18"]
[EventType "swiss"]
[EventRounds "10"]
[EventCountry "CUB"]
[SourceTitle "CBM 118 Extra"]
[Source "ChessBase"]
[SourceDate "2007.07.04"]
[SourceVersion "1"]
[SourceVersionDate "2007.07.04"]
[SourceQuality "1"]

1. e4 c5 2. Nf3 a6 3. c4 d6 4. d4 Bg4 5. dxc5 Bxf3 6. gxf3 Qa5+ 7. Bd2 Qxc5 8. Nc3 e6 9. Be3 Qc7 10. Rc1 Nd7 11. Be2 Ngf6 12. Rg1 g6 13. Qd2 Rd8 14. f4 Be7 15. h4 0-0 16. h5 Nc5 17. Bf3 Qc6 18. hxg6 fxg6 19. Qe2 Ne8 20. f5 Ng7 21. fxg6 Nd7 22. gxh7+ Kh8 23. Bh1 Ne5 24. b3 Qe8 25. Kd2 Nh5 26. Rg8+ Rxg8 27. hxg8Q+ Kxg8 28. Rg1+ Ng7 29. Kc2 Nc6 30. e5 Nxe5 31. Be4 Bf6 32. f4 Nd7 33. Qh2 Nf8 34. f5 d5 35. Bd3 exf5 36. Qh6 Qe5 37. Bd2 Nfe6 38. Nxd5 Qb2+ 39. Kd1 Rxd5 40. cxd5 Qa1+ 41. Bc1 Nc5 42. Qe3 Qd4 43. Qxd4 Bxd4 44. Rg3 Kf7 45. Bh6 Be5 46. Rf3 Nxd3 47. Rxd3 Ne8 48. Re3 Bd4 49. Rf3 Kf6 50. Bf4 Bc5 51. Rh3 Bd6 52. Rh6+ Ke7 53. Re6+ Kd7 54. Rxe8 Bxf4 55. Re6 Bd6 56. Ke2 f4 57. Kf3 Bc7 58. Ke4 Bd6 59. Rf6 Ke7 60. Rxf4 1-0

[Event "Capablanca Memorial op 42nd"]
[Site "Havana"]
[Date "2007.05.20"]
[Round "3"]
[White "Vera Gonzalez Quevedo, Reynaldo"]
[Black "Diaz Diaz, Joaquin Carlos"]
[Result "1/2-1/2"]
[WhiteElo "2481"]
[BlackElo "2323"]
[PlyCount "69"]
[EventDate "2007.05.18"]
[EventType "swiss"]
[EventRounds "10"]
[EventCountry "CUB"]
[SourceTitle "CBM 118 Extra"]
[Source "ChessBase"]
[SourceDate "2007.07.04"]
[SourceVersion "1"]
[SourceVersionDate "2007.07.04"]
[SourceQuality "1"]

1. d4 d5 2. c4 e6 3. Nc3 Be7 4. Nf3 Nf6 5. Bf4 0-0 6. e3 Nbd7 7. c5 c6 8. h3 b6 9. b4 a5 10. a3 Ba6 11. Bxa6 Rxa6 12. b5 cxb5 13. c6 Qc8 14. c7 b4 15. Nb5 a4 16. 0-0 b3 17. Rc1 Ne4 18. Nd2 Ndf6 19. Nxb3 axb3 20. f3 Ra5 21. a4 Rxb5 22. axb5 Nd6 23. Qxb3 Nc4 24. e4 Ne8 25. Rxc4 dxc4 26. Qxc4 Bd6 27. Bxd6 Nxd6 28. Qc6 Nxb5 29. Qxb5 Qxc7 30. Rb1 Rb8 31. d5 exd5 32. exd5 h6 33. Qc6 Qxc6 34. dxc6 Kf8 35. c7 1/2-1/2

[Event "CUB-ch"]
[Site "Las Tunas"]
[Date "1996.??.??"]
[Round "6"]
[White "Diaz Diaz, Joaquin Carlos"]
[Black "Arencibia Rodriguez, Walter"]
[Result "0-1"]
[WhiteElo "2375"]
[BlackElo "2555"]
[PlyCount "68"]
[EventDate "1996.05.??"]
[EventType "tourn"]
[EventRounds "13"]
[EventCountry "CUB"]
[EventCategory "8"]
[SourceTitle "EXT 1997"]
[Source "ChessBase"]
[SourceDate "1996.11.15"]
[SourceVersion "1"]
[SourceVersionDate "1996.11.15"]
[SourceQuality "1"]

1. e4 e5 2. Nf3 Nc6 3. d4 exd4 4. Nxd4 Nf6 5. Nxc6 bxc6 6. e5 Qe7 7. Qe2 Nd5 8. h4 Qe6 9. g3 Nb4 10. a3 Qd5 11. Rg1 Ba6 12. c4 Qa5 13. Nc3 0-0-0 14. Rb1 Nd5 15. Bd2 Qc5 16. Qe4 f5 17. Qxf5 Bxc4 18. Bxc4 Qxc4 19. Nxd5 Qxd5 20. Rd1 g6 21. Qf6 Qg8 22. Be3 Re8 23. Qf4 Qb3 24. Qd4 d6 25. e6 Rg8 26. Qxa7 Rxe6 27. Rc1 c5 28. Qa8+ Kd7 29. Kf1 Qxb2 30. Qa4+ Kc8 31. Qa8+ Qb8 32. Qd5 Qb5+ 33. Rc4 Kd7 34. Bxc5 c6 0-1

[Event "Capablanca Memorial Premier I 31st"]
[Site "Cienfuegos"]
[Date "1996.??.??"]
[Round "10"]
[White "Diaz Diaz, Joaquin Carlos"]
[Black "Bellon Lopez, Juan Manuel"]
[Result "1/2-1/2"]
[WhiteElo "2410"]
[BlackElo "2505"]
[PlyCount "76"]
[EventDate "1996.05.??"]
[EventType "tourn"]
[EventRounds "13"]
[EventCountry "CUB"]
[EventCategory "8"]
[SourceTitle "CBM 052 Extra"]
[Source "ChessBase"]
[SourceDate "1996.07.01"]
[SourceVersion "1"]
[SourceVersionDate "1996.07.01"]
[SourceQuality "1"]

1. e4 c5 2. Nf3 e6 3. d4 cxd4 4. Nxd4 Nf6 5. Nc3 Qb6 6. e5 Bc5 7. Be3 Nd5 8. Nxd5 exd5 9. Nf5 Qxb2 10. Bd3 Qc3+ 11. Kf1 Bxe3 12. Nd6+ Kd8 13. Nxf7+ Kc7 14. Nxh8 Bd4 15. Rb1 Bxe5 16. Nf7 Nc6 17. Qf3 Qa5 18. Nxe5 Nxe5 19. Qg3 d6 20. Qxg7+ Bd7 21. g3 h5 22. Kg2 h4 23. Bf5 h3+ 24. Bxh3 d4 25. Bxd7 Qd5+ 26. Kh3 Nxd7 27. Rhd1 Rf8 28. Qxd4 Qc6 29. f4 Nf6 30. Qxd6+ Qxd6 31. Rxd6 Kxd6 32. Rxb7 Rc8 33. Rxa7 Rxc2 34. a4 Ne4 35. Ra8 Nf2+ 36. Kh4 Ne4 37. h3 Rc3 38. Rg8 Ra3 1/2-1/2

[Event "Capablanca Memorial Premier I 31st"]
[Site "Cienfuegos"]
[Date "1996.??.??"]
[Round "12"]
[White "Diaz Diaz, Joaquin Carlos"]
[Black "Hergott, Deen"]
[Result "1-0"]
[WhiteElo "2410"]
[BlackElo "2485"]
[PlyCount "93"]
[EventDate "1996.05.??"]
[EventType "tourn"]
[EventRounds "13"]
[EventCountry "CUB"]
[EventCategory "8"]
[SourceTitle "CBM 052 Extra"]
[Source "ChessBase"]
[SourceDate "1996.07.01"]
[SourceVersion "1"]
[SourceVersionDate "1996.07.01"]
[SourceQuality "1"]

1. e4 e6 2. d4 d5 3. Nc3 Bb4 4. e5 Ne7 5. Bd2 b6 6. f4 Bxc3 7. bxc3 Ba6 8. Bd3 c5 9. Nf3 Qc8 10. dxc5 bxc5 11. 0-0 h5 12. Qe1 Bxd3 13. cxd3 Qa6 14. Qe2 Qa4 15. Be3 Nd7 16. c4 d4 17. Bf2 Rb8 18. Ng5 Nf5 19. g3 Qc6 20. Rab1 Rb6 21. Rb3 Ke7 22. Re1 Nf8 23. Reb1 f6 24. exf6+ gxf6 25. Ne4 Nd7 26. Rxb6 axb6 27. Ra1 Nd6 28. Nd2 h4 29. g4 h3 30. Bg3 Rg8 31. Re1 Nf8 32. f5 Rxg4 33. Ne4 Nxe4 34. Qxg4 Ng5 35. Re2 Qa4 36. Kf2 Nfh7 37. fxe6 Qc6 38. Bf4 Qh1 39. Qg3 Qc6 40. Bd6+ Ke8 41. e7 Qc8 42. Bf4 Qf5 43. Kg1 Qc8 44. Bxg5 Nxg5 45. Qf4 b5 46. Qxf6 Qg4+ 47. Kf1 1-0

[Event "Capablanca Memorial Premier I 31st"]
[Site "Cienfuegos"]
[Date "1996.??.??"]
[Round "3"]
[White "Diaz Diaz, Joaquin Carlos"]
[Black "Pecorelli Garcia, Humberto"]
[Result "0-1"]
[WhiteElo "2410"]
[BlackElo "2430"]
[PlyCount "85"]
[EventDate "1996.05.??"]
[EventType "tourn"]
[EventRounds "13"]
[EventCountry "CUB"]
[EventCategory "8"]
[SourceTitle "CBM 052 Extra"]
[Source "ChessBase"]
[SourceDate "1996.07.01"]
[SourceVersion "1"]
[SourceVersionDate "1996.07.01"]
[SourceQuality "1"]

1. e4 e6 2. d4 d5 3. Nc3 Bb4 4. e5 Ne7 5. Bd2 b6 6. Qg4 0-0 7. Bd3 Ba6 8. Bh6 Ng6 9. Bxg6 fxg6 10. Bd2 Qe8 11. h4 Qf7 12. Nf3 Qf5 13. Qxf5 gxf5 14. Ng5 Re8 15. Nd1 Bf8 16. h5 h6 17. Nf3 c5 18. c3 Nc6 19. Be3 Rac8 20. Kd2 Rc7 21. a3 Na5 22. Rb1 Bc4 23. b4 Ba2 24. Nb2 Bxb1 25. Rxb1 cxb4 26. axb4 Nc4+ 27. Nxc4 Rxc4 28. Kd3 Rec8 29. Bd2 a5 30. b5 a4 31. Ne1 a3 32. Ra1 Ra8 33. Ra2 Ra5 34. Nc2 Rca4 35. Nb4 Rxb5 36. Kc2 Rba5 37. Kb3 Ra8 38. Bc1 Bxb4 39. cxb4 b5 40. g3 Kh7 41. f3 g6 42. hxg6+ Kxg6 43. Bxa3 0-1

[Event "CUB-ch"]
[Site "Las Tunas"]
[Date "1996.??.??"]
[Round "4"]
[White "Diaz Diaz, Joaquin Carlos"]
[Black "Sariego Figueredo, Wilfredo"]
[Result "0-1"]
[WhiteElo "2375"]
[BlackElo "2430"]
[PlyCount "42"]
[EventDate "1996.05.??"]
[EventType "tourn"]
[EventRounds "13"]
[EventCountry "CUB"]
[EventCategory "8"]
[SourceTitle "EXT 1997"]
[Source "ChessBase"]
[SourceDate "1996.11.15"]
[SourceVersion "1"]
[SourceVersionDate "1996.11.15"]
[SourceQuality "1"]

1. e4 d5 2. exd5 Nf6 3. Bb5+ Bd7 4. Be2 Nxd5 5. d4 Bf5 6. Nf3 e6 7. a3 Bd6 8. c4 Nf6 9. Nc3 h6 10. Qb3 Qc8 11. Nb5 Be7 12. Nh4 Bh7 13. Qg3 Ne4 14. Qxg7 Bf6 15. Qg4 Nc6 16. Nf3 Qd7 17. Qf4 0-0-0 18. Bd3 e5 19. Qe3 exd4 20. Qf4 Bg5 21. Nxg5 hxg5 0-1

[Event "CUB-ch"]
[Site "Las Tunas"]
[Date "1996.??.??"]
[Round "9"]
[White "Leyva, Hector"]
[Black "Diaz Diaz, Joaquin Carlos"]
[Result "1-0"]
[WhiteElo "2410"]
[BlackElo "2375"]
[PlyCount "69"]
[EventDate "1996.05.??"]
[EventType "tourn"]
[EventRounds "13"]
[EventCountry "CUB"]
[EventCategory "8"]
[SourceTitle "EXT 1997"]
[Source "ChessBase"]
[SourceDate "1996.11.15"]
[SourceVersion "1"]
[SourceVersionDate "1996.11.15"]
[SourceQuality "1"]

1. d4 Nf6 2. c4 g6 3. Nc3 Bg7 4. e4 d6 5. Nf3 0-0 6. Be2 e5 7. d5 a5 8. Bg5 h6 9. Bh4 Na6 10. Nd2 Qe8 11. 0-0 Nh7 12. a3 Bd7 13. Kh1 h5 14. f3 Bf6 15. Bf2 h4 16. b3 Bg5 17. Rb1 Nc5 18. Qc2 Qe7 19. b4 axb4 20. axb4 Na4 21. Nxa4 Rxa4 22. c5 Rfa8 23. Nc4 Ra2 24. Rb2 Rxb2 25. Qxb2 f5 26. b5 dxc5 27. b6 Bf6 28. bxc7 b5 29. d6 Qe6 30. Nb6 Ra2 31. Nxd7 Rxb2 32. c8Q+ Kg7 33. Qc7 Rd2 34. Nxf6+ Kxf6 35. d7 1-0

[Event "Capablanca Memorial Premier I 31st"]
[Site "Cienfuegos"]
[Date "1996.??.??"]
[Round "9"]
[White "Leyva, Hector"]
[Black "Diaz Diaz, Joaquin Carlos"]
[Result "1-0"]
[WhiteElo "2385"]
[BlackElo "2410"]
[PlyCount "61"]
[EventDate "1996.05.??"]
[EventType "tourn"]
[EventRounds "13"]
[EventCountry "CUB"]
[EventCategory "8"]
[SourceTitle "CBM 052 Extra"]
[Source "ChessBase"]
[SourceDate "1996.07.01"]
[SourceVersion "1"]
[SourceVersionDate "1996.07.01"]
[SourceQuality "1"]

1. d4 Nf6 2. c4 e6 3. Nc3 Bb4 4. Qc2 d5 5. a3 Bxc3+ 6. Qxc3 0-0 7. Bg5 c6 8. e3 Nbd7 9. cxd5 Nxd5 10. Bxd8 Nxc3 11. Ba5 Nd5 12. e4 N5f6 13. f3 b6 14. Bc3 a5 15. g4 Ba6 16. Ne2 Rfc8 17. Rd1 Ne8 18. h4 Nd6 19. Bh3 Bc4 20. g5 Nb5 21. h5 c5 22. d5 Nxc3 23. bxc3 Ne5 24. Kf2 Rd8 25. Nf4 exd5 26. exd5 g6 27. Rhe1 Bb3 28. Rb1 Bc2 29. Rxb6 Nd3+ 30. Nxd3 Bxd3 31. d6 1-0

[Event "Capablanca Memorial Premier I 31st"]
[Site "Cienfuegos"]
[Date "1996.??.??"]
[Round "13"]
[White "Rivera, Alberto"]
[Black "Diaz Diaz, Joaquin Carlos"]
[Result "1-0"]
[WhiteElo "2415"]
[BlackElo "2410"]
[PlyCount "59"]
[EventDate "1996.05.??"]
[EventType "tourn"]
[EventRounds "13"]
[EventCountry "CUB"]
[EventCategory "8"]
[SourceTitle "CBM 052 Extra"]
[Source "ChessBase"]
[SourceDate "1996.07.01"]
[SourceVersion "1"]
[SourceVersionDate "1996.07.01"]
[SourceQuality "1"]

1. d4 Nf6 2. Nf3 c5 3. d5 b5 4. c4 e6 5. Bg5 h6 6. Bh4 exd5 7. cxd5 d6 8. e4 g5 9. Bg3 Nxe4 10. Bxb5+ Bd7 11. Bxd7+ Nxd7 12. 0-0 Be7 13. Re1 Nxg3 14. hxg3 0-0 15. Nc3 Bf6 16. Nd2 Rb8 17. Nc4 Ne5 18. Ne3 Qd7 19. Ne4 Bg7 20. g4 Nxg4 21. Nxg4 f5 22. Nxh6+ Bxh6 23. Nxd6 Bg7 24. Nc4 g4 25. d6 Bd4 26. Re7 Qc6 27. Qd2 Bf6 28. Rae1 Bxe7 29. Rxe7 f4 30. Qd3 1-0

[Event "Sao Paulo CCM CXSP"]
[Site "Sao Paulo"]
[Date "1995.03.??"]
[Round "2"]
[White "Pelikian, Jefferson"]
[Black "Diaz Diaz, Joaquin Carlos"]
[Result "0-1"]
[WhiteElo "2335"]
[BlackElo "2430"]
[PlyCount "112"]
[EventDate "1995.??.??"]
[EventType "tourn"]
[EventRounds "11"]
[EventCountry "BRA"]
[EventCategory "3"]
[SourceTitle "EXT 2003"]
[Source "ChessBase"]
[SourceDate "2002.11.25"]
[SourceVersion "1"]
[SourceVersionDate "2002.11.25"]
[SourceQuality "1"]

1. e4 c5 2. Nf3 Nc6 3. Bb5 g6 4. 0-0 Bg7 5. Bxc6 dxc6 6. h3 e5 7. d3 Qe7 8. Qe2 Nf6 9. Be3 0-0 10. Nbd2 Nh5 11. Rfe1 b6 12. a4 a5 13. Nc4 Rb8 14. Qd2 Ba6 15. b3 Qc7 16. Bh6 Rfe8 17. Bxg7 Kxg7 18. Qe3 f6 19. g3 Bc8 20. Kg2 Be6 21. Ng1 Kh8 22. Qd2 Qd7 23. Qc3 g5 24. Kh2 Rb7 25. Rf1 Rg8 26. f3 Rg6 27. Ne3 Rh6 28. g4 Nf4 29. Qe1 Rh4 30. Ng2 Nxg2 31. Kxg2 h5 32. Ne2 hxg4 33. hxg4 Bxg4 34. fxg4 Qxg4+ 35. Ng3 Rbh7 36. Rh1 Rxh1 37. Qxh1 Rxh1 38. Rxh1+ Kg7 39. Rf1 Kf7 40. Rh1 Ke6 41. Rf1 Ke7 42. Rh1 b5 43. Rf1 Ke6 44. Rf3 Qh4 45. Rf5 Qh6 46. Rf1 g4 47. Nf5 Qh3+ 48. Kf2 Qh2+ 49. Ke3 g3 50. Nxg3 Qxg3+ 51. Ke2 bxa4 52. bxa4 c4 53. Rf3 Qg2+ 54. Rf2 cxd3+ 55. cxd3 Qg1 56. Rf1 Qd4 0-1

[Event "San Juan y Martinez"]
[Site "San Juan y Martinez"]
[Date "1995.??.??"]
[Round "4"]
[White "Diaz Diaz, Joaquin Carlos"]
[Black "Blanco Fernandez, Alvaro"]
[Result "1/2-1/2"]
[WhiteElo "2415"]
[BlackElo "2455"]
[PlyCount "120"]
[EventDate "1995.??.??"]
[EventType "tourn"]
[EventRounds "10"]
[EventCountry "CUB"]
[EventCategory "8"]
[SourceTitle "EXT 2000"]
[Source "ChessBase"]
[SourceDate "1999.11.16"]
[SourceVersion "1"]
[SourceVersionDate "1999.11.16"]
[SourceQuality "1"]

1. e4 c5 2. Nf3 e6 3. d4 cxd4 4. Nxd4 a6 5. Bd3 Qc7 6. 0-0 Nf6 7. Qe2 d6 8. c4 g6 9. Nc3 Bg7 10. Be3 Nbd7 11. f3 Ne5 12. Rfd1 Nfd7 13. Rac1 Nxd3 14. Qxd3 Ne5 15. Qe2 0-0 16. b3 Bd7 17. f4 Nc6 18. Qd2 Rfe8 19. Nde2 Ne7 20. Qxd6 Qxd6 21. Rxd6 Bc6 22. a4 e5 23. Rd2 f5 24. Nd5 Rac8 25. fxe5 fxe4 26. Nf6+ Bxf6 27. exf6 Nf5 28. Kf2 Kf7 29. Nd4 Nxd4 30. Bxd4 e3+ 31. Bxe3 Kxf6 32. Rcd1 Kf7 33. Bg5 Re5 34. h4 Rce8 35. Rd7+ Bxd7 36. Rxd7+ Ke6 37. Rxb7 h5 38. Rb6+ Kf7 39. Rxa6 Rf5+ 40. Kg3 Rb8 41. a5 Rxb3+ 42. Kh2 Ra3 43. Ra7+ Ke6 44. Re7+ Kd6 45. Rg7 Raxa5 46. Rxg6+ Ke5 47. Rh6 Ra2 48. Rxh5 Ke4 49. Rh8 Rff2 50. Re8+ Kf5 51. Rf8+ Kg4 52. Rxf2 Rxf2 53. c5 Rc2 54. Be7 Rc1 55. h5 Re1 56. Bd6 Re6 57. g3 Kxh5 58. Kg2 Rf6 59. Kh3 Rg6 60. Bf4 Ra6 1/2-1/2

[Event "San Juan y Martinez"]
[Site "San Juan y Martinez"]
[Date "1995.??.??"]
[Round "8"]
[White "Pupo, Emilio"]
[Black "Diaz Diaz, Joaquin Carlos"]
[Result "1-0"]
[WhiteElo "2420"]
[BlackElo "2415"]
[PlyCount "77"]
[EventDate "1995.??.??"]
[EventType "tourn"]
[EventRounds "10"]
[EventCountry "CUB"]
[EventCategory "8"]
[SourceTitle "EXT 2000"]
[Source "ChessBase"]
[SourceDate "1999.11.16"]
[SourceVersion "1"]
[SourceVersionDate "1999.11.16"]
[SourceQuality "1"]

1. e4 c5 2. Nf3 d6 3. d4 cxd4 4. Nxd4 Nf6 5. Nc3 a6 6. Be3 Ng4 7. Bg5 h6 8. Bh4 g5 9. Be2 Bg7 10. Bg3 h5 11. h4 gxh4 12. Rxh4 Nc6 13. Nb3 Bf6 14. Rh1 h4 15. Bf4 Bxc3+ 16. bxc3 Nge5 17. Be3 Ng6 18. Qd2 Qc7 19. f4 f5 20. Bd3 Rf8 21. g3 hxg3 22. Rh6 fxe4 23. Bxe4 Nh8 24. 0-0-0 Nf7 25. Rg6 Bd7 26. Rxg3 Na5 27. Qg2 Nxb3+ 28. axb3 Bc6 29. Rd4 Rc8 30. c4 Bxe4 31. Qxe4 Qa5 32. Qxb7 Rc7 33. Qa8+ Nd8 34. Kb2 Rb7 35. Rg5 Qe1 36. Rd3 Kd7 37. Qxa6 Qb4 38. c5 Ne6 39. c6+ 1-0

[Event "CUB-ch"]
[Site "Matanzas"]
[Date "1994.??.??"]
[Round "2"]
[White "Diaz Diaz, Joaquin Carlos"]
[Black "Barredo Duran, Luis"]
[Result "1-0"]
[WhiteElo "2435"]
[BlackElo "2315"]
[PlyCount "109"]
[EventDate "1994.??.??"]
[EventType "swiss"]
[EventRounds "13"]
[EventCountry "CUB"]
[SourceTitle "EXT 2003"]
[Source "ChessBase"]
[SourceDate "2002.11.25"]
[SourceVersion "1"]
[SourceVersionDate "2002.11.25"]
[SourceQuality "1"]

1. e4 e6 2. d4 d5 3. Nc3 Nf6 4. e5 Nfd7 5. f4 c5 6. Nf3 Nc6 7. Be3 a6 8. Qd2 b5 9. dxc5 Bxc5 10. Bxc5 Nxc5 11. Bd3 Qb6 12. Qf2 Rb8 13. 0-0 Nb4 14. Rfd1 Na4 15. Nxa4 bxa4 16. Qxb6 Rxb6 17. b3 axb3 18. axb3 Ke7 19. Kf2 Bd7 20. Nd4 Rc8 21. Ke3 Rc7 22. Kd2 Bb5 23. Bxb5 axb5 24. Ra5 Rcb7 25. Rda1 Nc6 26. Nxc6+ Rxc6 27. Ra7 Rcc7 28. Ra8 f6 29. Rh8 h6 30. Raa8 fxe5 31. fxe5 Kf7 32. Rhf8+ Kg6 33. Ra6 Re7 34. Rf2 Ra7 35. Rxa7 Rxa7 36. Kc3 Ra8 37. Kb4 Rb8 38. Kc5 h5 39. b4 Kg5 40. Kc6 h4 41. Kc7 Ra8 42. Kd6 Ra6+ 43. Kc5 Ra3 44. Kxb5 Re3 45. Kc6 Rxe5 46. b5 Re4 47. b6 Rc4+ 48. Kb5 Rc8 49. b7 Re8 50. Kb6 e5 51. Ka7 e4 52. b8Q Rxb8 53. Kxb8 e3 54. Rf8 h3 55. gxh3 1-0

[Event "Capablanca Memorial-B"]
[Site "Matanzas"]
[Date "1994.??.??"]
[Round "10"]
[White "Diaz Diaz, Joaquin Carlos"]
[Black "Martin Del Campo C, Roberto Abel"]
[Result "1/2-1/2"]
[WhiteElo "2435"]
[BlackElo "2460"]
[PlyCount "62"]
[EventDate "1994.??.??"]
[EventType "tourn"]
[EventRounds "13"]
[EventCountry "CUB"]
[EventCategory "8"]
[SourceTitle "CBM 043"]
[Source "ChessBase"]
[SourceDate "1994.12.01"]
[SourceVersion "1"]
[SourceVersionDate "1994.12.01"]
[SourceQuality "1"]

1. e4 c5 2. Nf3 d6 3. d4 cxd4 4. Nxd4 Nf6 5. Nc3 a6 6. Bc4 e6 7. Bb3 Be7 8. 0-0 0-0 9. f4 b5 10. a3 Bb7 11. Re1 Nc6 12. Be3 Nxd4 13. Bxd4 Rc8 14. Qd3 Re8 15. Rad1 Qc7 16. Bxf6 Bxf6 17. Qxd6 Bxc3 18. Qxc7 Rxc7 19. bxc3 Rxc3 20. Rd7 Bc8 21. Ra7 Kf8 22. Rd1 Re7 23. Rd8+ Re8 24. Rd6 Re7 25. Ra8 Rec7 26. Rdxa6 Ke7 27. Rb6 Bb7 28. Ra7 Bxe4 29. Rxc7+ Rxc7 30. Rxb5 Bxc2 31. Bxc2 Rxc2 1/2-1/2

[Event "CUB-ch"]
[Site "Matanzas"]
[Date "1994.??.??"]
[Round "?"]
[White "Diaz Diaz, Joaquin Carlos"]
[Black "Pupo, Emilio"]
[Result "0-1"]
[WhiteElo "2435"]
[BlackElo "2355"]
[PlyCount "56"]
[EventDate "1994.??.??"]
[EventType "swiss"]
[EventRounds "13"]
[EventCountry "CUB"]
[SourceTitle "EXT 2003"]
[Source "ChessBase"]
[SourceDate "2002.11.25"]
[SourceVersion "1"]
[SourceVersionDate "2002.11.25"]
[SourceQuality "1"]

1. e4 c5 2. Nf3 Nc6 3. Bb5 g6 4. 0-0 Bg7 5. Bxc6 dxc6 6. d3 e5 7. a3 f6 8. b4 cxb4 9. axb4 Nh6 10. Ba3 Nf7 11. Nbd2 Be6 12. Qe2 Nd6 13. d4 exd4 14. Nxd4 Bf7 15. b5 0-0 16. bxc6 bxc6 17. Qd3 Qd7 18. Nxc6 Qxc6 19. Bxd6 Rfd8 20. Ra6 Qc8 21. f4 Rb8 22. Qa3 Qxc2 23. Bxb8 Rxd2 24. f5 Rxg2+ 25. Kh1 Qxe4 26. Ra4 Qe2 27. Rc1 Rxh2+ 28. Bxh2 Bd5+ 0-1